NFL Jerseys - Statistics

General Stats
  • This quiz has been taken 41 times
  • The average score is 12 of 15
Answer Stats
Rank Answer % Correct
5 Dolphins
83%
7 Eagles
83%
9 Packers
83%
12 Vikings
83%
4 Cowboys
81%
11 Lions
81%
8 Patriots
81%
3 Texans
81%
6 Bills
78%
15 Browns
78%
1 Chargers
78%
14 Ravens
78%
2 Broncos
75%
10 Titans
75%
13 Cardinals
69%
No matching quizzes found
Score Distribution
Percent of People with Each Score
Percentile by Number Answered
Your Score History
You have not taken this quiz